| 000 | 00000cam 2200000za 4500 |
| 001 | 9.858958 |
| 003 | CaOODSP |
| 005 | 20251107090819 |
| 007 | cr ||||||||||| |
| 008 | 180712s2018 onc ob f000 0 fre d |
| 020 | |a978-0-660-27234-4 |
| 040 | |aCaOODSP|bfre |
| 043 | |an-cn--- |
| 086 | 1 |aBT22-213/2018F-PDF |
| 245 | 00|aGouvernement du Canada livre blanc |h[ressource électronique] : |bsouveraineté des données et nuage public. |
| 246 | 10|aSouveraineté des données et nuage public |
| 260 | |aOttawa : |bSecrétariat du Conseil du Trésor du Canada, |c2018. |
| 300 | |a18 p. |
| 500 | |a« Publié : le 2018-06-25. » |
| 500 | |aTitre pris sur la couv. |
| 500 | |aPubl. aussi en format HTML. |
| 500 | |aPubl. aussi en anglais sous le titre : Government of Canada white paper : data sovereignty and public cloud. |
| 504 | |aComprend des réf. bibliogr. |
| 520 | |a« Le présent document vise à donner un aperçu du risque pour la souveraineté des données ainsi que du risque pour la résidence des données et la sécurité des données, qui ont trait à l’utilisation de services d’informatique en nuage publics commerciaux. On examine ces risques dans le contexte de la stratégie « Le nuage d’abord » du gouvernement du Canada (GC). À la fin du document, le lecteur comprendra les risques et les mesures d’atténuation qui s’appliquent » -- Objet du présent document, p. 2. |
| 692 | 07|2gccst|aSécurité informatique |
| 692 | 07|2gccst|aPartenariat public-privé |
| 692 | 07|2gccst|aGouvernement fédéral |
| 710 | 1 |aCanada. |bConseil du trésor. |
| 775 | 08|tGovernment of Canada white paper |w(CaOODSP)9.858956 |
| 856 | 40|qPDF|s192 Ko|uhttps://publications.gc.ca/collections/collection_2018/sct-tbs/BT22-213-2018-fra.pdf |
| 856 | 4 |qHTML|sS.O.|uhttps://www.canada.ca/fr/gouvernement/systeme/gouvernement-numerique/innovations-gouvernementales-numeriques/services-informatique-nuage/souverainete-numerique/gc-livre-blanc-souverainete-donnees-nuage-public.html |